[Event "AUTO-INT-2962"]
[Site "http://www.queenalice.com/game.php?id=1343228"]
[Date "2015.2.22"]
[Round "1"]
[White "qxr"]
[Black "tomcapp"]
[Result "1-0"]
[WhiteElo "1700"]
[BlackElo "1386"]

1. d4 d5 2. c4 dxc4 3. Nf3 Bg4 4. e3 e6 5. Bxc4 Nc6 6. O-O Nf6 7. Nbd2 Bxf3 8.
Qxf3 Bd6 9. Bb5 a6 10. Bxc6+ bxc6 11. Qxc6+ Nd7 12. Qf3 Nf6 13. b3 Bb4 14. Nc4
Bc3 15. Rb1 Ba5 16. Nxa5 O-O 17. Ba3 h6 18. Bxf8 Qxf8 19. Rbc1 Nd5 20. Nc4 f5
21. e4 Nf6 22. exf5 exf5 23. Qxf5 Rd8 24. Rcd1 a5 25. Nxa5 Rb8 26. Nc4 Re8 27.
Rfe1 Rxe1+ 28. Rxe1 c6 29. Ne3 Qb4 30. Rc1 Qe7 31. Rxc6 Qb4 32. g3 Qe1+ 33. Kg2
Qb4 34. Rc8+ Kf7 35. Rc7+ Kf8 36. Qg6 Qd6 37. Qf7# 1-0

[Event "AUTO-INT-2962"]
[Site "http://www.queenalice.com/game.php?id=1343229"]
[Date "2015.2.22"]
[Round "1"]
[White "tomcapp"]
[Black "sccp1910"]
[Result "0-1"]
[WhiteElo "1385"]
[BlackElo "1679"]

1. e4 a6 2. Bc4 b5 3. Bd3 c5 4. b3 g6 5. Nc3 Bg7 6. Nf3 b4 7. Nd5 Bxa1 8. e5 Bb7
9. Be4 Nh6 10. Ng5 e6 11. Nf6+ Ke7 12. Bxb7 Ra7 13. Be4 Bxe5 14. Ng4 Bf4 15. Nf3
Nxg4 16. d3 d5 17. Bxd5 Qxd5 18. h3 Bxc1 19. Qxc1 Ne5 20. Nxe5 Qxe5+ 21. Kf1 Nc6
22. g3 Nd4 23. f4 Qe2+ 24. Kg1 Nf3# 0-1

[Event "AUTO-INT-2962"]
[Site "http://www.queenalice.com/game.php?id=1343230"]
[Date "2015.2.22"]
[Round "1"]
[White "sccp1910"]
[Black "tomcapp"]
[Result "1-0"]
[WhiteElo "1680"]
[BlackElo "1413"]

1. e4 e5 2. Qf3 Nf6 3. h3 c5 4. d3 Nc6 5. b3 Nb4 6. Bb2 Nxc2+ 7. Kd2 Nxa1 8.
Bxa1 Qa5+ 9. Bc3 Qxa2+ 10. Ke3 Qxb1 11. Ne2 Qxb3 12. g4 d6 13. Bg2 b5 14. g5 Nd7
15. Bd2 c4 16. Nc1 Qa3 17. Ke2 cxd3+ 18. Nxd3 Ba6 19. Rc1 b4 20. Bf1 Nc5 21. Ke1
Nxd3+ 22. Bxd3 b3 23. Bxa6 b2 24. Bb5+ Kd8 25. Rb1 Qxf3 26. Rxb2 Qxe4+ 27. Kd1
Rc8 28. f4 Qh1+ 29. Ke2 e4 30. Ba4 d5 31. Rb7 Qf3+ 32. Ke1 Ba3 33. Ba5+ Rc7 34.
Rxc7 Qh1+ 35. Kd2 Qg2+ 36. Ke3 Qxh3+ 37. Kd4 Bb2+ 38. Kc5 Qa3+ 39. Kxd5 Qxa4 40.
Rxa7+ Ke8 41. Kd6 Ba3+ 42. Kc7 Qc4+ 43. Kb7 1-0

[Event "AUTO-OPEN-3444"]
[Site "http://www.queenalice.com/game.php?id=1344485"]
[Date "2015.2.28"]
[Round "1"]
[White "MarTraM"]
[Black "tomcapp"]
[Result "1-0"]
[WhiteElo "2468"]
[BlackElo "1396"]

1. d4 d5 2. c4 dxc4 3. Nc3 Nf6 4. e4 e5 5. d5 Bd6 6. Bxc4 a6 7. Nf3 b5 8. Bd3
O-O 9. Bg5 b4 10. Ne2 h6 11. Bh4 a5 12. O-O Ba6 13. Bg3 Ng4 14. h3 Nf6 15. Nxe5
Bxe5 16. Bxe5 Bxd3 17. Qxd3 Na6 18. Qf3 a4 19. Bxf6 Qxf6 20. Qxf6 gxf6 21. Rac1
b3 22. axb3 axb3 23. Rc3 Nb4 24. Rxc7 Nd3 25. Rb7 Nxb2 26. Rb1 Nd3 27. R7xb3 Ne5
28. Nd4 f5 29. Nxf5 f6 30. Nxh6+ Kg7 31. Nf5+ Kg6 32. Rb6 Nd3 33. d6 Nc5 34. f3
Nd3 35. Kh2 Ne5 36. Ne7+ Kg5 37. Nc6 Nc4 38. R6b5+ Ne5 39. d7 Ra2 40. Nxe5 fxe5
41. Rxe5+ Kf4 42. Re8 Ra8 43. Rxf8+ Ke3 44. Rxa8 1-0

[Event "AUTO-OPEN-3444"]
[Site "http://www.queenalice.com/game.php?id=1344486"]
[Date "2015.2.28"]
[Round "1"]
[White "tomcapp"]
[Black "MarTraM"]
[Result "0-1"]
[WhiteElo "1375"]
[BlackElo "2465"]

1. e4 e5 2. Nf3 Nc6 3. Bb5 Nge7 4. Bxc6 Nxc6 5. c3 Bc5 6. d4 exd4 7. cxd4 Bb4+
8. Nbd2 O-O 9. d5 Ne7 10. a3 Bxd2+ 11. Qxd2 d6 12. b4 Bg4 13. Bb2 Bxf3 14. gxf3
Ng6 15. b5 Re8 16. Qc3 f6 17. a4 Ne7 18. Qe3 Nxd5 19. e5 Nxe3 20. fxe3 dxe5 21.
e4 a6 22. bxa6 Rxa6 23. a5 Qd3 24. Rd1 Qxf3 25. Kd2 Rd8+ 26. Kc1 Rc6+ 27. Kb1
Rxd1+ 28. Rxd1 Qxe4+ 29. Ka2 Qa4+ 30. Ba3 Qxd1 31. a6 Rxa6 0-1

[Event "AUTO-OPEN-3444"]
[Site "http://www.queenalice.com/game.php?id=1344509"]
[Date "2015.2.28"]
[Round "1"]
[White "XaraX"]
[Black "tomcapp"]
[Result "1-0"]
[WhiteElo "1997"]
[BlackElo "1412"]

1. d4 d5 2. c4 dxc4 3. Nc3 Nf6 4. e4 Nc6 5. Bxc4 e6 6. Nf3 Bb4 7. Qd3 Bxc3+ 8.
bxc3 a6 9. Bb3 b5 10. Bc2 Bd7 11. O-O e5 12. d5 Ne7 13. Nxe5 O-O 14. Bg5 c6 15.
Bxf6 g6 16. Qd4 c5 17. Qxc5 a5 18. Bxe7 Qc8 19. Bxf8 Qxf8 20. Qxf8+ Rxf8 21.
Nxd7 Rc8 22. Bd3 Rxc3 23. Bxb5 h5 24. Rfc1 Rd3 25. Bxd3 g5 26. Nf6+ Kf8 27. Rc7
g4 28. Nxh5 g3 29. Rb1 gxf2+ 30. Kxf2 1-0

[Event "AUTO-OPEN-3444"]
[Site "http://www.queenalice.com/game.php?id=1344510"]
[Date "2015.2.28"]
[Round "1"]
[White "tomcapp"]
[Black "XaraX"]
[Result "0-1"]
[WhiteElo "1343"]
[BlackElo "2033"]

1. e4 e5 2. Nf3 Nc6 3. Bb5 Nge7 4. Bxc6 Nxc6 5. c3 Bc5 6. O-O O-O 7. b4 Be7 8.
d4 exd4 9. Nxd4 Ne5 10. Nf5 d6 11. Nxe7+ Qxe7 12. Bf4 Nc4 13. Qc2 b5 14. Nd2
Nxd2 15. Qxd2 Qxe4 16. Be3 Bb7 17. f3 Qg6 18. g4 f5 19. g5 Rae8 20. f4 h6 21. h4
hxg5 22. fxg5 Qh5 23. Rf4 Re4 24. c4 Rxf4 25. Bxf4 Qg4+ 26. Qg2 Qxg2# 0-1

[Event "AUTO-OPEN-3444"]
[Site "http://www.queenalice.com/game.php?id=1344523"]
[Date "2015.2.28"]
[Round "1"]
[White "Snoopy_GM"]
[Black "tomcapp"]
[Result "1-0"]
[WhiteElo "1921"]
[BlackElo "1408"]

1. d4 d5 2. c4 dxc4 3. Nc3 e6 4. e4 Nc6 5. Nf3 Nf6 6. Bxc4 Bb4 7. Qd3 Bxc3+ 8.
bxc3 a6 9. Bg5 h6 10. Bh4 b5 11. Bb3 O-O 12. e5 Nd5 13. Bxd8 Nxd8 14. Bxd5 exd5
15. O-O Bg4 16. h3 Bxf3 17. Qxf3 Nc6 18. Qxd5 a5 19. Qxc6 b4 20. cxb4 axb4 21.
Qxc7 b3 22. Rfb1 bxa2 23. Rb2 h5 24. Rbxa2 Rac8 25. Qxc8 Rxc8 26. Ra8 Rxa8 27.
Rxa8+ Kh7 28. d5 g5 29. d6 h4 30. d7 1-0

[Event "AUTO-OPEN-3444"]
[Site "http://www.queenalice.com/game.php?id=1344524"]
[Date "2015.2.28"]
[Round "1"]
[White "tomcapp"]
[Black "Snoopy_GM"]
[Result "0-1"]
[WhiteElo "1403"]
[BlackElo "1884"]

1. e4 e5 2. Nf3 Nc6 3. Bc4 Bc5 4. Nc3 Nf6 5. d3 O-O 6. Bg5 h6 7. Bxf6 Qxf6 8.
Nd5 Qd6 9. a3 a6 10. a4 Nd4 11. Nxd4 Bxd4 12. c3 Bc5 13. O-O c6 14. Ne3 Bxe3 15.
fxe3 b6 16. d4 Bb7 17. d5 c5 18. b4 cxb4 19. cxb4 Qxb4 20. Be2 Qxe4 21. Bf3
Qxe3+ 22. Rf2 f5 23. Ra2 e4 24. Be2 Rac8 25. Qa1 Rc1+ 26. Qxc1 Qxc1+ 27. Rf1
Qe3+ 28. Kh1 Bxd5 29. Bxa6 f4 30. Raf2 f3 31. gxf3 Rxf3 32. Rxf3 Qxf3+ 33. Rxf3
exf3 34. h4 Kf7 35. h5 Kf6 36. Bd3 Kg5 37. Bb5 d6 38. Bd7 Kxh5 39. Kg1 Kh4 40.
a5 bxa5 0-1

[Event "AUTO-INT-2965"]
[Site "http://www.queenalice.com/game.php?id=1344772"]
[Date "2015.3.1"]
[Round "1"]
[White "ACamargo"]
[Black "tomcapp"]
[Result "1-0"]
[WhiteElo "1956"]
[BlackElo "1408"]

1. d4 d5 2. c4 dxc4 3. Nc3 Nf6 4. e4 e5 5. d5 Be7 6. Bxc4 c6 7. Nf3 cxd5 8. Nxd5
Nxd5 9. Qxd5 Qxd5 10. Bxd5 O-O 11. O-O Nc6 12. Bxc6 bxc6 13. Be3 Ba6 14. Rfc1 c5
15. Bxc5 Bxc5 16. Rxc5 h6 17. Nxe5 Rfd8 18. f3 Be2 19. Rc7 Rd1+ 20. Rxd1 Bxd1
21. b3 a5 22. Kf2 g5 23. Ke1 Bc2 24. Rxc2 a4 25. b4 h5 26. a3 h4 27. b5 h3 28.
g3 f6 29. Nd7 g4 30. Nxf6+ Kf7 31. Nxg4 Re8 32. Rc4 Kg6 33. Rxa4 Kg5 34. Nf2 Kg6
35. Nxh3 Kh5 36. b6 Rc8 37. b7 Rc1+ 38. Kd2 Rh1 39. Nf4+ Kg5 40. b8=Q Rxh2+ 41.
Ke3 Rh1 42. Qe5+ 1-0

[Event "AUTO-INT-2965"]
[Site "http://www.queenalice.com/game.php?id=1344773"]
[Date "2015.3.1"]
[Round "1"]
[White "tomcapp"]
[Black "ACamargo"]
[Result "0-1"]
[WhiteElo "1358"]
[BlackElo "1986"]

1. e4 e5 2. Nf3 d6 3. Nc3 Nf6 4. Bc4 h6 5. d3 Be7 6. a4 O-O 7. b4 a6 8. a5 Bg4
9. Nd5 Nc6 10. Nxe7+ Qxe7 11. b5 axb5 12. Bd5 Nxd5 13. exd5 Nxa5 14. Ba3 Qf6 15.
h3 Bxf3 16. Qxf3 Qxf3 17. gxf3 b6 18. f4 exf4 19. f3 Rfe8+ 20. Kf2 Re5 21. d4
Rxd5 22. c3 Nc4 23. Bc1 Rxa1 24. Re1 g5 25. h4 Kg7 26. hxg5 hxg5 27. Rh1 b4 28.
cxb4 Ra2+ 29. Kg1 Rxd4 30. Rh2 Rd1# 0-1

[Event "AUTO-INT-2965"]
[Site "http://www.queenalice.com/game.php?id=1344788"]
[Date "2015.3.1"]
[Round "1"]
[White "tomcapp"]
[Black "saturnin"]
[Result "0-1"]
[WhiteElo "1437"]
[BlackElo "1526"]

1. e4 e5 2. c4 c5 3. Nf3 d6 4. Nc3 Nf6 5. a4 a5 6. d3 Be7 7. Bg5 O-O 8. Nd5 Nxd5
9. exd5 f6 10. Bh4 g5 11. Bg3 g4 12. Be2 gxf3 13. Bxf3 Bf5 14. b3 Na6 15. Qd2
Nb4 16. O-O Bxd3 17. Rfc1 e4 18. Bh5 Qd7 19. h3 Qf5 20. Bg4 Qg5 21. Qxg5+ fxg5
22. h4 gxh4 23. Bh2 Rf7 24. Be6 Kg7 25. Bxf7 Kxf7 26. f3 exf3 27. gxf3 Nc2 28.
Ra2 Rg8+ 29. Kh1 Ne3 30. b4 cxb4 31. f4 Be4+ 32. Rg2 Rxg2 33. f5 Rc2+ 34. Kg1 b3
35. Rxc2 bxc2 36. f6 c1=Q+ 37. Kf2 Ng4+ 0-1

[Event "AUTO-INT-2965"]
[Site "http://www.queenalice.com/game.php?id=1344789"]
[Date "2015.3.1"]
[Round "1"]
[White "saturnin"]
[Black "tomcapp"]
[Result "1-0"]
[WhiteElo "1526"]
[BlackElo "1354"]

1. b4 e5 2. a3 d5 3. e3 e4 4. Bb2 Be6 5. d3 Nf6 6. dxe4 Nxe4 7. Be2 a6 8. Bf3 b5
9. Ne2 Nc6 10. O-O Be7 11. Bxg7 Rg8 12. Bb2 Bh3 13. Nf4 Bxg2 14. Nxg2 Ne5 15.
Be2 c6 16. Bxe5 Bh4 17. f3 Nf6 18. Bd3 Rg5 19. f4 Rg8 20. Bxf6 Qxf6 21. c3 Rd8
22. Kh1 d4 23. Nxh4 Qxh4 24. Qf3 dxc3 25. Qxc6+ Kf8 26. Be4 f6 27. Qxc3 Qh3 28.
Nd2 f5 29. Qc5+ Kg7 30. Bxf5 Rxd2 31. Qc3+ Kh6 32. Bxh3 Rdd8 33. Qf6+ Rg6 34.
Qxd8 Kh5 35. Rfd1 1-0

[Event "AUTO-INT-2965"]
[Site "http://www.queenalice.com/game.php?id=1344790"]
[Date "2015.3.1"]
[Round "1"]
[White "tomcapp"]
[Black "dbwright308"]
[Result "0-1"]
[WhiteElo "1381"]
[BlackElo "1695"]

1. e4 e5 2. c4 Nf6 3. Nc3 Bb4 4. a3 Bxc3 5. dxc3 Nxe4 6. Qe2 f5 7. Nf3 Nc6 8. c5
O-O 9. Qc4+ Kh8 10. Bg5 Nf6 11. Bxf6 Qxf6 12. Be2 Na5 13. Qh4 Qxh4 14. Nxh4 Nb3
15. Rd1 Nxc5 16. b4 Ne4 17. O-O Nxc3 18. Rde1 Nxe2+ 19. Kh1 b6 20. Rxe2 Ba6 21.
Rxe5 Bxf1 22. Nxf5 Rae8 23. Rxe8 Rxe8 24. g4 Re1 25. Kg1 Bh3# 0-1

[Event "AUTO-INT-2965"]
[Site "http://www.queenalice.com/game.php?id=1344791"]
[Date "2015.3.1"]
[Round "1"]
[White "dbwright308"]
[Black "tomcapp"]
[Result "1-0"]
[WhiteElo "1698"]
[BlackElo "1378"]

1. e4 e5 2. d4 exd4 3. Qxd4 d6 4. e5 d5 5. Nf3 Nc6 6. Bb5 Bg4 7. Qxg4 Be7 8.
Qxg7 Qd7 9. Qxh8 O-O-O 10. c3 a6 11. Bxc6 Qxc6 12. Qxh7 b5 13. Qxf7 Bc5 14. e6
d4 15. O-O dxc3 16. Qf5 Qd6 17. e7+ Rd7 18. e8=Q+ Kb7 19. Qexd7 Bxf2+ 20. Rxf2
Qb6 21. Qfd5+ Kb8 22. Qxg8+ Kb7 23. Qgc8+ Ka7 24. Qdxc7+ Qxc7 25. Qxc7+ Ka8 26.
Bf4 cxb2 27. Qb8# 1-0

[Event "AUTO-INT-2969"]
[Site "http://www.queenalice.com/game.php?id=1346953"]
[Date "2015.3.12"]
[Round "1"]
[White "NickThorp"]
[Black "tomcapp"]
[Result "1-0"]
[WhiteElo "1602"]
[BlackElo "1404"]

1. e4 e5 2. Nf3 Nc6 3. Bb5 Bc5 4. Bxc6 dxc6 5. Nxe5 Nf6 6. Nc3 Be6 7. d3 Ng4 8.
Nxg4 Bxg4 9. Qxg4 g6 10. O-O h5 11. Qg5 Qxg5 12. Bxg5 a6 13. a3 b5 14. Bf6 h4
15. h3 Rh5 16. g4 Re5 17. Bxe5 g5 18. Bf6 b4 19. axb4 Bd4 20. Bxd4 c5 21. bxc5
c6 22. Bf6 a5 23. Bxg5 a4 24. Nxa4 Kf8 25. Bxh4 Ke8 26. Nb6 Rxa1 27. Rxa1 1-0

[Event "AUTO-INT-2969"]
[Site "http://www.queenalice.com/game.php?id=1346954"]
[Date "2015.3.12"]
[Round "1"]
[White "tomcapp"]
[Black "NickThorp"]
[Result "0-1"]
[WhiteElo "1421"]
[BlackElo "1599"]

1. e4 e5 2. Nf3 Nc6 3. Bb5 a6 4. Bxc6 dxc6 5. c4 Bg4 6. Nc3 Bb4 7. a3 Bxc3 8.
bxc3 Qd7 9. c5 Nf6 10. d3 O-O-O 11. O-O h6 12. d4 exd4 13. cxd4 Nxe4 14. h3 Bxf3
15. Qxf3 Qxd4 16. Rd1 Qxa1 17. g4 Ng5 18. Bxg5 Rxd1+ 19. Kg2 hxg5 20. Qxf7 Rg1+
21. Kf3 Qxa3+ 22. Ke4 Qxc5 23. f4 Re1+ 24. Kf3 Qe3+ 0-1

[Event "AUTO-INT-2969"]
[Site "http://www.queenalice.com/game.php?id=1346970"]
[Date "2015.3.12"]
[Round "1"]
[White "tomcapp"]
[Black "Ruusgugg"]
[Result "0-1"]
[WhiteElo "1373"]
[BlackElo "1353"]

1. e4 e5 2. Nf3 g5 3. d4 exd4 4. Qxd4 f6 5. Bxg5 fxg5 6. Qxh8 Nf6 7. Nxg5 Qe7 8.
Nd2 Qe5 9. Rd1 Qxg5 10. Nf3 Qa5+ 11. c3 Qb6 12. Bc4 Qxb2 13. e5 Ne4 14. Bf7+
Kxf7 15. Qxh7+ Ke8 16. Qxe4 Qxc3+ 17. Nd2 Bh6 18. O-O Nc6 19. Qg6+ Ke7 20. Qf6+
Ke8 21. Qxh6 Nxe5 22. Rfe1 d6 23. Re3 Qc2 24. Ne4 Qxd1+ 25. Re1 Qxe1# 0-1

[Event "AUTO-INT-2969"]
[Site "http://www.queenalice.com/game.php?id=1346979"]
[Date "2015.3.12"]
[Round "1"]
[White "BlackKnight72"]
[Black "tomcapp"]
[Result "1-0"]
[WhiteElo "1726"]
[BlackElo "1406"]

1. d4 d5 2. e3 Nc6 3. Nf3 Bf5 4. a3 Nf6 5. b4 e6 6. Bb2 b6 7. Nbd2 Bd6 8. Be2
Ne4 9. c4 Nxd2 10. Qxd2 dxc4 11. Bxc4 a6 12. O-O b5 13. Be2 O-O 14. Rac1 a5 15.
Bxb5 axb4 16. axb4 Nxb4 17. Bc3 Nd5 18. Bc6 Ra3 19. Ba1 Bd3 20. Rfe1 Nf6 21. Ne5
Bxe5 22. dxe5 Ne4 23. Qb4 Ra6 24. Bxe4 Rb6 25. Qd4 Qxd4 26. exd4 c6 27. Bxd3 g6
28. Be4 h5 29. Rxc6 Rb4 30. Rd6 Rfb8 31. h3 g5 32. Kh2 g4 33. hxg4 hxg4 34. Kg3
Rb3+ 35. Kxg4 Kg7 36. f3 R3b4 37. d5 exd5 38. Rxd5 Rg8 39. Kf5 Kh6 40. Rg1 Rg5+
41. Kf6 Rb6+ 42. Rd6 Rb7 43. Bxb7 Rg6+ 44. Kxf7 1-0

[Event "AUTO-INT-2969"]
[Site "http://www.queenalice.com/game.php?id=1346980"]
[Date "2015.3.12"]
[Round "1"]
[White "tomcapp"]
[Black "BlackKnight72"]
[Result "0-1"]
[WhiteElo "1406"]
[BlackElo "1751"]

1. e4 c6 2. Bc4 d5 3. exd5 cxd5 4. Bb5+ Bd7 5. Bxd7+ Nxd7 6. d4 e6 7. Nf3 Ngf6
8. Bg5 Be7 9. Bxf6 Nxf6 10. Nc3 O-O 11. O-O a6 12. a4 Rc8 13. b4 Bxb4 14. Qe1
Bxc3 15. Qe5 Bxa1 16. Rxa1 Rxc2 17. h3 Qc8 18. Qf4 Qc7 19. Qg3 Qxg3 20. fxg3 Ne4
21. g4 Rfc8 22. Ne5 Rc1+ 23. Rxc1 Rxc1+ 24. Kh2 Ra1 25. h4 Rxa4 26. g5 Rxd4 27.
Nd7 Ra4 28. Nb6 Ra2 29. Nd7 b5 30. Ne5 a5 31. h5 Nxg5 32. Kg3 Ne4+ 33. Kf3 b4
0-1